William Styron

Uloženo v:
Podrobná bibliografie
Hlavní autor: Ratner, Marc
Médium: Kniha
Jazyk:Undetermined
Vydáno: New York, Estados Unidos Twayne Publishers 1972
Témata:
Tagy: Přidat tag
Žádné tagy, Buďte první, kdo vytvoří štítek k tomuto záznamu!

MARC

LEADER 00000nam a2200000Ia 4500
008 170316s9999 xx 000 0 und d
040 |a cru BVZT 
090 |a 810 R-3w 
100 |a Ratner, Marc 
245 |a William Styron 
260 |a New York, Estados Unidos 
260 |b Twayne Publishers 
260 |c 1972 
300 |a 170 páginas 
650 |a LITERATURA ESTADOUNIDENSE 
999 |c 6086  |d 6086 
942 |c 15 D  |h 810 R-3w  |2 z